000 00585cam a22002053a 4500
001 40900
003 PGUSA
005 20140828083921.0
008 120930s2012||||xxu|||||s|||||000 | eng d
040 _aPGUSA
_beng
042 _adc
100 1 _aBartholomew, J. G.
245 1 2 _aA Literary and Historical Atlas of Asia
_h[electronic resource] /
_cJ. G. Bartholomew
260 _bProject Gutenberg,
_c2012
506 _aPublic domain in the USA.
516 _aElectronic text
830 0 _aProject Gutenberg
_v40900
856 4 0 _uhttp://www.gutenberg.org/ebooks/40900
942 _cEB
999 _c270152
_d270152